[Event "Wch U20 Girls 38th"]
[Site "Cala Gonone"]
[Date "2022.10.14"]
[Round "4"]
[White "Olde, Grete"]
[Black "Muha, Magdalena"]
[Result "1-0"]
[WhiteElo "1862"]
[BlackElo "1706"]
[PlyCount "57"]
[EventDate "2022.10.12"]
[EventType "swiss"]
[EventRounds "11"]
[EventCountry "ITA"]
[SourceTitle "CBM 210 Extra"]
[Source "ChessBase"]
[SourceDate "2022.11.30"]
[SourceVersion "1"]
[SourceVersionDate "2022.11.30"]
[SourceQuality "1"]

1. e4 e6 2. d4 d5 3. exd5 exd5 4. Bd3 Nc6 5. c3 Bd6 6. Nf3 Bg4 7. 0-0 Nge7 8. Re1 Qd7 9. Nbd2 0-0-0 10. b4 Ng6 11. b5 Nce7 12. Qb3 Nf4 13. Bf1 Neg6 14. c4 Bxf3 15. Qxf3 Nh4 16. Qd1 Qf5 17. Re3 Rde8 18. c5 Be7 19. g3 g5 20. gxf4 gxf4 21. Bh3 fxe3 22. Bxf5+ Nxf5 23. fxe3 Nxe3 24. Qf3 Rhg8+ 25. Kh1 Bh4 26. Qh3+ Kb8 27. Qxh4 Ng2 28. Qf2 Re1+ 29. Nf1 1-0

[Event "EU-Cup Online Gr-D (Women)"]
[Site "Tornelo INT"]
[Date "2020.12.20"]
[Round "6.2"]
[White "Olde, Grete"]
[Black "Maltsevskaya, Aleksandra"]
[Result "0-1"]
[WhiteElo "1915"]
[BlackElo "2311"]
[PlyCount "76"]
[EventDate "2020.12.19"]
[EventType "team-tourn (rapid)"]
[EventRounds "9"]
[EventCountry "ISS"]
[SourceTitle "CBM 199 Extra"]
[Source "ChessBase"]
[SourceDate "2021.01.31"]
[SourceVersion "1"]
[SourceVersionDate "2021.01.31"]
[SourceQuality "1"]
[WhiteTeam "Reval Sport (W)"]
[BlackTeam "Volgograd Gambit (W)"]
[WhiteTeamCountry "EST"]
[BlackTeamCountry "RUS"]

1. e4 c6 2. d4 d5 3. e5 Bf5 4. Nf3 e6 5. Be2 c5 6. Be3 cxd4 7. Bxd4 Nc6 8. c3 Nge7 9. Nh4 Be4 10. Nd2 Nxd4 11. cxd4 Nc6 12. Nhf3 Bxf3 13. Nxf3 Bb4+ 14. Kf1 Qb6 15. Rc1 0-0 16. h4 Rac8 17. Qd3 Nxe5 18. Nxe5 Rxc1+ 19. Bd1 Qa6 20. Ke2 Qxa2 21. Bc2 Rxc2+ 22. Qxc2 Bd6 23. Nd3 Qc4 24. Qc3 Rc8 25. Ra1 a6 26. Kd2 f6 27. Re1 Kf7 28. g4 Rc6 29. f4 Qb5 30. Nc5 Bxc5 31. dxc5 Rxc5 32. Qa3 Qc4 33. f5 Qc2+ 34. Ke3 Qe4+ 35. Kd2 Qd4+ 36. Qd3 Qxb2+ 37. Ke3 Rc3 38. fxe6+ Ke7 0-1

[Event "EU-Cup Online Gr-D (Women)"]
[Site "Tornelo INT"]
[Date "2020.12.20"]
[Round "9.1"]
[White "Trippold, Denise"]
[Black "Olde, Grete"]
[Result "1-0"]
[WhiteElo "2152"]
[BlackElo "1915"]
[PlyCount "73"]
[EventDate "2020.12.19"]
[EventType "team-tourn (rapid)"]
[EventRounds "9"]
[EventCountry "ISS"]
[SourceTitle "CBM 199 Extra"]
[Source "ChessBase"]
[SourceDate "2021.01.31"]
[SourceVersion "1"]
[SourceVersionDate "2021.01.31"]
[SourceQuality "1"]
[WhiteTeam "Baden Erste Bank (W)"]
[BlackTeam "Reval Sport (W)"]
[WhiteTeamCountry "AUT"]
[BlackTeamCountry "EST"]

1. d4 d5 2. c4 e6 3. Nf3 Nf6 4. g3 Be7 5. Bg2 0-0 6. 0-0 dxc4 7. Qc2 a6 8. a4 Bd7 9. Rd1 Bc6 10. Nc3 Nbd7 11. e4 b5 12. d5 exd5 13. exd5 Bb7 14. Nh4 Nb6 15. d6 cxd6 16. Bxb7 Ra7 17. Bg2 d5 18. Nf5 Bc5 19. Be3 Bxe3 20. fxe3 b4 21. Ne2 Re8 22. a5 Nc8 23. Qd2 Rd7 24. Qxb4 g6 25. Nfd4 Rxe3 26. Ra3 Qe8 27. Qd2 Rde7 28. Rxe3 Rxe3 29. h3 Nh5 30. Kh2 Nd6 31. Rf1 Nf5 32. Nxf5 Rxe2 33. Nh6+ Kg7 34. Qg5 Qe4 35. Rxf7+ Kh8 36. Rf8+ Kg7 37. Rg8# 1-0

[Event "EU-Cup Online Gr-D (Women)"]
[Site "Tornelo INT"]
[Date "2020.12.19"]
[Round "4.1"]
[White "Olde, Grete"]
[Black "Prasol, Alesya"]
[Result "1-0"]
[WhiteElo "1915"]
[BlackElo "1702"]
[PlyCount "75"]
[EventDate "2020.12.19"]
[EventType "team-tourn (rapid)"]
[EventRounds "9"]
[EventCountry "ISS"]
[SourceTitle "CBM 199 Extra"]
[Source "ChessBase"]
[SourceDate "2021.01.31"]
[SourceVersion "1"]
[SourceVersionDate "2021.01.31"]
[SourceQuality "1"]
[WhiteTeam "Reval Sport (W)"]
[BlackTeam "Dnipro (W)"]
[WhiteTeamCountry "EST"]
[BlackTeamCountry "UKR"]

1. e4 c6 2. d4 d5 3. e5 Bf5 4. Nf3 e6 5. Be2 Nd7 6. 0-0 c5 7. c3 Qb6 8. b3 h6 9. Be3 cxd4 10. Bxd4 Bc5 11. Re1 Ne7 12. Nbd2 Bxd4 13. cxd4 0-0 14. Nf1 Rac8 15. Ne3 Be4 16. Qd2 Rc6 17. Rac1 Rfc8 18. Rxc6 Qxc6 19. Qb4 Nf5 20. Nxf5 Bxf5 21. Bb5 Qc7 22. h3 a6 23. Bf1 b5 24. a4 Qb6 25. axb5 axb5 26. Qxb5 Qxb5 27. Bxb5 Nb6 28. g4 Bg6 29. Nh4 Bh7 30. Re3 Rc1+ 31. Kg2 Be4+ 32. f3 Bb1 33. f4 Be4+ 34. Kg3 Rd1 35. Rc3 Rxd4 36. Rc6 Rb4 37. Rxb6 Bd3 38. Rb8+ 1-0

[Event "Keres Memorial (Women)"]
[Site "Tallinn"]
[Date "2020.07.30"]
[Round "6"]
[White "Narva, Mai"]
[Black "Olde, Grete"]
[Result "0-1"]
[WhiteElo "2333"]
[BlackElo "2046"]
[PlyCount "100"]
[EventDate "2020.07.27"]
[EventType "tourn"]
[EventRounds "9"]
[EventCountry "EST"]
[SourceTitle "CBM 197 Extra"]
[Source "ChessBase"]
[SourceDate "2020.09.30"]
[SourceVersion "1"]
[SourceVersionDate "2020.09.30"]
[SourceQuality "1"]

1. e4 e5 2. Nf3 Nc6 3. Bb5 a6 4. Ba4 Nf6 5. 0-0 Be7 6. Re1 b5 7. Bb3 d6 8. c3 0-0 9. h3 Na5 10. Bc2 c5 11. d4 Nd7 12. Nbd2 exd4 13. cxd4 Nc6 14. d5 Nce5 15. a4 Bb7 16. Nxe5 Nxe5 17. f4 Ng6 18. Nf3 Re8 19. Kh2 Bf6 20. Ra2 b4 21. Bd3 Qb6 22. b3 Rac8 23. Rae2 Qc7 24. e5 Be7 25. Bf5 Rcd8 26. e6 Bc8 27. Qd3 Bf6 28. h4 Nf8 29. exf7+ Qxf7 30. Bxc8 Rxc8 31. Rxe8 Rxe8 32. Rxe8 Qxe8 33. Qxa6 Qe7 34. h5 Qf7 35. Qxd6 Qxh5+ 36. Kg1 Bd4+ 37. Nxd4 Qd1+ 38. Kh2 cxd4 39. Qc7 d3 40. Bb2 Qh5+ 41. Kg3 Qg6+ 42. Kf2 d2 43. Ke2 Qd3+ 44. Kxd3 d1Q+ 45. Ke4 Qe2+ 46. Kf5 g6+ 47. Kg5 Qxg2+ 48. Kh6 Qxb2 49. Qe7 Qh2+ 50. Kg5 Qh5+ 0-1

[Event "EU-ch U18 Girls"]
[Site "Bratislava"]
[Date "2019.08.10"]
[Round "9"]
[White "Olde, Grete"]
[Black "Kocyigit, Buse Naz"]
[Result "0-1"]
[WhiteElo "1829"]
[BlackElo "1873"]
[PlyCount "76"]
[EventDate "2019.08.02"]
[EventType "swiss"]
[EventRounds "9"]
[EventCountry "SVK"]
[SourceTitle "CBM 191 Extra"]
[Source "ChessBase"]
[SourceDate "2019.09.30"]
[SourceVersion "1"]
[SourceVersionDate "2019.09.30"]
[SourceQuality "1"]

1. e4 c5 2. c3 d5 3. exd5 Qxd5 4. d4 Nc6 5. Nf3 Bg4 6. dxc5 Qxc5 7. Be3 Qh5 8. Nbd2 Nf6 9. Qa4 e5 10. Bb5 Bd7 11. Nc4 e4 12. Nd4 Nxd4 13. Bxd7+ Nxd7 14. Bxd4 b5 15. Qa5 Be7 16. Ne5 f6 17. Nxd7 Kxd7 18. a4 Rhb8 19. 0-0 Bd6 20. g3 Qf3 21. axb5 h5 22. c4 h4 23. Qc3 Qh5 24. Rfd1 Rh8 25. Qd2 Ke8 26. Re1 hxg3 27. Rxe4+ Kf7 28. fxg3 Bxg3 29. Re2 Bf4 30. Be3 Qg4+ 31. Rg2 Bxh2+ 32. Kf1 Qxc4+ 33. Ke1 Rhd8 34. Rxa7+ Rxa7 35. Qxd8 Ra1+ 36. Kd2 Qb4+ 37. Ke2 Qxb5+ 38. Qd3 Re1+ 0-1

[Event "EU-ch U18 Girls"]
[Site "Bratislava"]
[Date "2019.08.05"]
[Round "4"]
[White "Olde, Grete"]
[Black "Urh, Zala"]
[Result "1-0"]
[WhiteElo "1829"]
[BlackElo "2211"]
[PlyCount "97"]
[EventDate "2019.08.02"]
[EventType "swiss"]
[EventRounds "9"]
[EventCountry "SVK"]
[SourceTitle "CBM 191 Extra"]
[Source "ChessBase"]
[SourceDate "2019.09.30"]
[SourceVersion "1"]
[SourceVersionDate "2019.09.30"]
[SourceQuality "1"]

1. e4 e5 2. Nf3 Nc6 3. Bb5 Nf6 4. d3 Bc5 5. c3 0-0 6. 0-0 d6 7. Nbd2 Ne7 8. h3 Ng6 9. Re1 c6 10. Ba4 Bb6 11. Nf1 Nh5 12. Bb3 Nhf4 13. Ng3 Be6 14. Bc2 Re8 15. d4 exd4 16. cxd4 d5 17. e5 f6 18. Bxg6 Nxg6 19. Nh5 fxe5 20. Bg5 Qc7 21. Nxe5 Nxe5 22. Rxe5 Qf7 23. Ng3 h6 24. Bc1 Rf8 25. Re2 Rae8 26. a4 h5 27. Ra3 h4 28. Nf1 Bd7 29. Rf3 Qg6 30. Rxe8 Rxe8 31. Be3 Bf5 32. Nd2 Ba5 33. g4 Bc2 34. Qc1 Bxa4 35. Rf5 Bb5 36. Nf3 Bd8 37. Qc2 Qe6 38. Ne5 g6 39. Rf7 Re7 40. Rf3 Kh7 41. Bg5 Re8 42. Bxd8 Rxd8 43. Rf7+ Kg8 44. Rxb7 Rd6 45. Rxa7 Qf6 46. Qd2 g5 47. Qc2 Qh6 48. Qf5 Rf6 49. Ra8+ 1-0

[Event "Olympiad Women-43"]
[Site "Batumi"]
[Date "2018.10.02"]
[Round "8.4"]
[White "Williams, Margoe"]
[Black "Olde, Grete"]
[Result "0-1"]
[WhiteElo "1617"]
[BlackElo "1907"]
[PlyCount "82"]
[EventDate "2018.09.24"]
[EventType "team-swiss"]
[EventRounds "11"]
[EventCountry "GEO"]
[SourceTitle "EXT 2020"]
[Source "ChessBase"]
[SourceDate "2019.10.17"]
[SourceVersion "1"]
[SourceVersionDate "2019.10.17"]
[SourceQuality "1"]
[WhiteTeam "Jamaica (W)"]
[BlackTeam "Estonia (W)"]
[WhiteTeamCountry "JAM"]
[BlackTeamCountry "EST"]

1. d4 Nf6 2. Bf4 e6 3. e3 d5 4. Bd3 c5 5. c3 Nc6 6. Nd2 Bd6 7. Bg3 0-0 8. Ngf3 b6 9. e4 dxe4 10. Nxe4 Nxe4 11. Bxe4 Bb7 12. Bxd6 Qxd6 13. Bxh7+ Kxh7 14. Ng5+ Kg6 15. h4 cxd4 16. Qg4 f5 17. h5+ Kf6 18. Nh7+ Kf7 19. Qg6+ Ke7 20. Qxg7+ Rf7 21. Qg5+ Kd7 22. Nf6+ Kc7 23. 0-0-0 Qe5 24. h6 Qxf6 25. Qg3+ f4 26. Qg4 Qf5 27. Qe2 e5 28. Rh5 Qg6 29. Rdh1 d3 30. Qd2 Rh8 31. f3 Rfh7 32. g4 Rxh6 33. Rxh6 Rxh6 34. Rxh6 Qxh6 35. Qxd3 Qh1+ 36. Kc2 Qg2+ 37. Kb3 Na5+ 38. Ka3 Qxf3 39. Qh7+ Kc6 40. Qg6+ Kb5 41. Qe8+ Qc6 0-1

[Event "EU-ch U16 Girls 28th"]
[Site "Riga"]
[Date "2018.08.26"]
[Round "6"]
[White "Malicka, Maria"]
[Black "Olde, Grete"]
[Result "1-0"]
[WhiteElo "2047"]
[BlackElo "1967"]
[PlyCount "47"]
[EventDate "2018.08.20"]
[EventType "swiss"]
[EventRounds "9"]
[EventCountry "LAT"]
[SourceTitle "CBM 186 Extra"]
[Source "ChessBase"]
[SourceDate "2018.08.24"]
[SourceVersion "1"]
[SourceVersionDate "2018.08.24"]
[SourceQuality "1"]

1. e4 e5 2. Nf3 Nc6 3. Bb5 a6 4. Ba4 Nf6 5. d3 Bc5 6. c3 d6 7. 0-0 Ba7 8. Nbd2 0-0 9. h3 Ne7 10. Re1 Ng6 11. Nf1 Nh5 12. d4 Nhf4 13. dxe5 Bxh3 14. g3 Ne6 15. exd6 cxd6 16. Be3 Nc5 17. Bc2 Bg4 18. N1h2 Ne5 19. Nxg4 Nxg4 20. Bd4 Ne6 21. Bxa7 Rxa7 22. Qd2 Qb6 23. Bb3 Kh8 24. Kg2 1-0

[Event "Wch U16 Girls"]
[Site "Montevideo"]
[Date "2017.09.22"]
[Round "7"]
[White "Nemcova, Karin"]
[Black "Olde, Grete"]
[Result "0-1"]
[WhiteElo "1964"]
[BlackElo "1832"]
[PlyCount "86"]
[EventDate "2017.09.17"]
[EventType "swiss"]
[EventRounds "11"]
[EventCountry "URU"]
[SourceTitle "CBM 180 Extra"]
[Source "ChessBase"]
[SourceDate "2017.10.06"]
[SourceVersion "1"]
[SourceVersionDate "2017.10.06"]
[SourceQuality "1"]

1. e4 e5 2. Nf3 Nc6 3. d4 exd4 4. Nxd4 Nf6 5. Nxc6 bxc6 6. e5 Qe7 7. Qe2 Nd5 8. c4 Ba6 9. b3 g6 10. f4 Bg7 11. Qf2 Nb6 12. Ba3 Qe6 13. Nd2 d6 14. 0-0-0 dxe5 15. Bb2 0-0 16. Ne4 Qf5 17. g3 exf4 18. Bxg7 Kxg7 19. Qd4+ f6 20. g4 Qxg4 21. Rg1 Qf5 22. Rg5 Qe6 23. Nc5 Qe7 24. Qc3 Bc8 25. Re1 Qxe1+ 26. Qxe1 fxg5 27. Qe5+ Kh6 28. Ne4 Bf5 29. Nf6 Nd7 30. Nxd7 Bxd7 31. Qxc7 Rad8 32. Qxa7 Bg4 33. Kc2 Ra8 34. Qc5 Rxa2+ 35. Kc3 Re8 36. Qxc6 Re3+ 37. Kb4 Rf2 38. Bg2 f3 39. Bxf3 Rfxf3 40. Qa8 Rxb3+ 41. Kc5 Rf5+ 42. Kd4 Rf4+ 43. Kc5 Rc3 0-1

[Event "Wch U16 Girls"]
[Site "Montevideo"]
[Date "2017.09.22"]
[Round "6"]
[White "Olde, Grete"]
[Black "Kaczmarska, Joanna"]
[Result "0-1"]
[WhiteElo "1832"]
[BlackElo "2066"]
[PlyCount "118"]
[EventDate "2017.09.17"]
[EventType "swiss"]
[EventRounds "11"]
[EventCountry "URU"]
[SourceTitle "CBM 180 Extra"]
[Source "ChessBase"]
[SourceDate "2017.10.06"]
[SourceVersion "1"]
[SourceVersionDate "2017.10.06"]
[SourceQuality "1"]

1. e4 e6 2. d4 d5 3. exd5 exd5 4. Bd3 Bd6 5. c3 Ne7 6. Nf3 0-0 7. 0-0 b6 8. Bg5 h6 9. Bh4 c5 10. c4 Bb7 11. cxd5 Bxd5 12. Nc3 Bb7 13. Ne4 cxd4 14. Nxd4 Bxh2+ 15. Kxh2 Qxd4 16. Qf3 Nd7 17. Bxe7 Qe5+ 18. Kg1 Qxe7 19. Qf5 Rfd8 20. Rfe1 g6 21. Qf4 Qf8 22. Nd6 Nc5 23. Nxb7 Nxd3 24. Qe4 Nxe1 25. Nxd8 Rxd8 26. Rxe1 Qd6 27. Qa4 Rd7 28. Qg4 Kg7 29. Qe4 h5 30. g3 a6 31. Qc4 Qd2 32. Re2 Qd1+ 33. Kh2 Qd3 34. Qxd3 Rxd3 35. Rc2 Rd6 36. Kg2 Kf6 37. Kf3 Ke5 38. Rc3 Rd2 39. Rb3 b5 40. Ke3 Rc2 41. Rb4 Kd5 42. Rb3 Kc5 43. f4 a5 44. Kd3 Rg2 45. Ke4 b4 46. Kf3 Rd2 47. Ke3 Rd5 48. Ke2 Rd6 49. Rf3 Re6+ 50. Kd2 a4 51. Kd3 Re1 52. Kc2 Re2+ 53. Kc1 Kd4 54. f5 g5 55. f6 Ke4 56. Rf1 Rg2 57. Rd1 Ke5 58. Rd3 Kxf6 59. a3 b3 0-1

[Event "Wch U16 Girls"]
[Site "Montevideo"]
[Date "2017.09.18"]
[Round "2"]
[White "Olde, Grete"]
[Black "Blond Hanten, Elsa"]
[Result "1-0"]
[WhiteElo "1832"]
[BlackElo "1732"]
[PlyCount "65"]
[EventDate "2017.09.17"]
[EventType "swiss"]
[EventRounds "11"]
[EventCountry "URU"]
[SourceTitle "CBM 180 Extra"]
[Source "ChessBase"]
[SourceDate "2017.10.06"]
[SourceVersion "1"]
[SourceVersionDate "2017.10.06"]
[SourceQuality "1"]

1. e4 e5 2. Nf3 Nc6 3. Bb5 Bc5 4. d3 Nge7 5. 0-0 0-0 6. c3 a6 7. Ba4 b5 8. Bb3 d5 9. Nbd2 Bg4 10. h3 Bh5 11. Re1 Qd7 12. exd5 Nxd5 13. Ne4 Ba7 14. Ng3 Bxf3 15. Qxf3 Rad8 16. Nf5 Nf4 17. Qg4 Ng6 18. Bg5 h5 19. Qf3 Rb8 20. Ng3 h4 21. Nf5 Nf4 22. Qg4 Ne6 23. Bf6 g6 24. Qxh4 Ng7 25. Nh6+ Kh7 26. Nxf7+ Nh5 27. Ng5+ Kh6 28. Ne4 Qf5 29. g4 Qf3 30. gxh5 Rxf6 31. Qg5+ Kg7 32. h6+ Kf8 33. Qxf6+ 1-0

[Event "Wch U16 Girls"]
[Site "Montevideo"]
[Date "2017.09.17"]
[Round "1"]
[White "Shuvalova, Polina"]
[Black "Olde, Grete"]
[Result "1-0"]
[WhiteElo "2397"]
[BlackElo "1832"]
[PlyCount "61"]
[EventDate "2017.09.17"]
[EventType "swiss"]
[EventRounds "11"]
[EventCountry "URU"]
[SourceTitle "CBM 180 Extra"]
[Source "ChessBase"]
[SourceDate "2017.10.06"]
[SourceVersion "1"]
[SourceVersionDate "2017.10.06"]
[SourceQuality "1"]

1. e4 e5 2. Nf3 Nc6 3. Bb5 a6 4. Ba4 Nf6 5. 0-0 Be7 6. Re1 b5 7. Bb3 d6 8. c3 0-0 9. h3 Na5 10. Bc2 c5 11. d4 Qc7 12. Nbd2 cxd4 13. cxd4 Nc6 14. a3 a5 15. d5 Nb8 16. Bd3 Bd7 17. Qe2 Qb7 18. Rb1 b4 19. Nc4 Ne8 20. Be3 Bd8 21. Nfd2 f5 22. exf5 Bxf5 23. Bxf5 Rxf5 24. Qd3 Rf8 25. Ne4 Bc7 26. Rbc1 Nd7 27. Ncd2 Nb6 28. Ng5 Nf6 29. Nde4 Nbxd5 30. Nxf6+ Nxf6 31. Qc4+ 1-0

[Event "EST-ch U16 Girls"]
[Site "Tallinn"]
[Date "2016.05.19"]
[Round "2"]
[White "Bitsan, Irina"]
[Black "Olde, Grete"]
[Result "0-1"]
[WhiteElo "1259"]
[BlackElo "1625"]
[PlyCount "52"]
[EventDate "2016.05.19"]
[EventType "swiss"]
[EventRounds "7"]
[EventCountry "EST"]
[SourceTitle "EXT 2018"]
[Source "ChessBase"]
[SourceDate "2017.10.13"]
[SourceVersion "1"]
[SourceVersionDate "2017.10.13"]
[SourceQuality "1"]

1. e4 d5 2. exd5 Qxd5 3. Nc3 Qd6 4. Nf3 Nf6 5. g3 c6 6. Bg2 g6 7. 0-0 Bg7 8. a3 0-0 9. b4 e5 10. Bb2 Bg4 11. d3 Re8 12. Rb1 Nbd7 13. Re1 Rad8 14. Qc1 Nd5 15. Qg5 Bf5 16. Qc1 Qc7 17. Nxd5 cxd5 18. Nd2 Nb6 19. c4 dxc4 20. Ra1 Bxd3 21. Kh1 Na4 22. Ra2 Nxb2 23. Qxb2 c3 24. Qc1 cxd2 25. Rxd2 Qxc1 26. Rxc1 Bh6 0-1

[Event "EU-ch U12 Girls 24th"]
[Site "Batumi"]
[Date "2014.10.24"]
[Round "6"]
[White "Olde, Grete"]
[Black "Bucur, Denisa Andreea"]
[Result "1-0"]
[WhiteElo "1643"]
[BlackElo "1797"]
[PlyCount "36"]
[EventDate "2014.10.19"]
[EventType "swiss"]
[EventRounds "9"]
[EventCountry "GEO"]
[SourceTitle "EXT 2016"]
[Source "ChessBase"]
[SourceDate "2015.10.08"]
[SourceVersion "1"]
[SourceVersionDate "2015.10.08"]
[SourceQuality "1"]

1. e4 e5 2. Nf3 Nc6 3. Bb5 a6 4. Ba4 Nf6 5. d3 b5 6. Bb3 Be7 7. a4 Bb7 8. 0-0 0-0 9. Nbd2 Re8 10. Re1 Rf8 11. Nf1 g6 12. Bg5 d5 13. exd5 Nd4 14. c4 bxc4 15. dxc4 Rb8 16. Ba2 Bc8 17. h3 Bf5 18. Ne3 Bd7 1-0